Accurate World Map - Statistics

General Stats
  • This quiz has been taken 46 times
  • The average score is 34 of 51
Answers on the Map
Answers color-coded by a green-red scale on the quiz's map according to % correct below.
 
Answer Stats
Answer % Correct
Canada
93%
Argentina
88%
USA
88%
France
86%
China
84%
Germany
81%
Mexico
81%
Norway
81%
Spain
81%
Sweden
81%
Australia
79%
India
79%
Algeria
77%
Denmark
77%
Egypt
77%
Italy
77%
Portugal
77%
Afghanistan
74%
Iran
74%
Libya
74%
Nigeria
74%
Oman
74%
Saudi Arabia
74%
Yemen
74%
Indonesia
72%
USSR
72%
Ethiopia
70%
Morocco
70%
Tunisia
70%
Antarctica
67%
Brazil
67%
South Africa
67%
Austria
65%
Cuba
65%
Venezuela
65%
Colombia
63%
Iraq
60%
Jordan
60%
Switzerland
60%
Syria
60%
Philippines
56%
Israel
53%
Africa
51%
Madagascar
49%
Malaysia
44%
England
40%
Central America
33%
Djibouti
30%
New Zealand
30%
Benelux
26%
Pink Africa
7%
No matching quizzes found
Score Distribution
Percent of People with Each Score
Percentile by Number Answered
Your Score History
You have not taken this quiz